Fancy nancy and the late, late, late night / (Record no. 5077)

MARC details
000 -LEADER
fixed length control field 01330nam a22003017a 4500
001 - CONTROL NUMBER
control field 5077
003 - CONTROL NUMBER IDENTIFIER
control field FISKH
005 - DATE AND TIME OF LATEST TRANSACTION
control field 20250327111921.0
008 - FIXED-LENGTH DATA ELEMENTS--GENERAL INFORMATION
fixed length control field 241105b cb ||||| |||| 00| 0 eng d
020 ## - INTERNATIONAL STANDARD BOOK NUMBER
International Standard Book Number 9780061703775
040 ## - CATALOGING SOURCE
Original cataloging agency FISKH
Language of cataloging eng
Transcribing agency FISKH
Modifying agency FISKH
050 ## - LIBRARY OF CONGRESS CALL NUMBER
Classification number PZ7.O222
082 ## - DEWEY DECIMAL CLASSIFICATION NUMBER
Classification number 813.6
100 ## - MAIN ENTRY--PERSONAL NAME
Personal name O'Connor, Jane
Dates associated with a name (1947–)
245 ## - TITLE STATEMENT
Title Fancy nancy and the late, late, late night /
Statement of responsibility, etc. Based on Fancy Nancy Written by Jane O'Connor Cover illustration by Robin Preiss Glasser Interior illustrations by Carolyn Bracken
250 ## - EDITION STATEMENT
Edition statement First edition in 2010
260 ## - PUBLICATION, DISTRIBUTION, ETC.
Place of publication, distribution, etc. New York :
Name of publisher, distributor, etc. Harper Festival,
Date of publication, distribution, etc. 2010.
300 ## - PHYSICAL DESCRIPTION
Extent 18 pages :
Other physical details Color illustrations ;
Dimensions 21 cm
505 ## - FORMATTED CONTENTS NOTE
Formatted contents note J<br/>
520 ## - SUMMARY, ETC.
Summary, etc. Juvenile Fiction. Juvenile Literature. Humor (Fiction.) HTML:<br/>Nancy is utterly enchanted by Mrs. DeVine's fancy movie star memorabilia (that means things from the past). So enchanted, that Nancy decides to adapt the movie star lifestyle at home�and everybody knows that movie stars don't go to be early! Will Nancy's lack of beauty sleep get in the way of Mrs. DeVine's surprise the next day?
521 8# - TARGET AUDIENCE NOTE
Target audience note 500L<br/>
Source Lexile<br/>
521 8# - TARGET AUDIENCE NOTE
Target audience note J<br/>
Source Raz-Plus<br/>
650 ## - SUBJECT ADDED ENTRY--TOPICAL TERM
Source of heading or term Fancy Nancy
Topical term or geographic name entry element Sleep
650 ## - SUBJECT ADDED ENTRY--TOPICAL TERM
Source of heading or term Bedtime
Topical term or geographic name entry element Family
700 ## - ADDED ENTRY--PERSONAL NAME
Personal name Bracken, Carolyn
Dates associated with a name Illustrator
942 ## - ADDED ENTRY ELEMENTS (KOHA)
Source of classification or shelving scheme Dewey Decimal Classification
Koha item type Books
Suppress in OPAC No
Holdings
Withdrawn status Lost status Source of classification or shelving scheme Damaged status Not for loan Collection Home library Current library Shelving location Date acquired Total Checkouts Full call number Barcode Date last seen Date last checked out Copy number Price effective from Koha item type
    Dewey Decimal Classification     Fiction Footprints International School Library Network Toul Kork Campus Footprints International School Library Network Toul Kork Campus TK Primary Library Room(4th Floor), Bookcase 1&2, Shelves 1-16, Dark Blue Books 11/05/2024 1 CON 813.6 PZ7.O222 FISTK03879 12/04/2024 11/27/2024 1 11/05/2024 Books
    Dewey Decimal Classification     Juvenile Fiction Footprints International School Library Network Toul Tom Poung Campus Footprints International School Library Network Toul Tom Poung Campus TTP Primary Dark Blue Bookshelves 03/27/2025   CON 813.6 PZ7.O222 2025-0869 08/29/2025   2 03/27/2025 Books